banner koha

Dogs poisoned with Nerium oleander fresh leaves: clinical and electrocardiographic findings (Registro n. 329649)

MARC details
000 -LÍDER
fixed length control field 04546nab a2200349 i 4500
003 - CÓDIGO MARC DA AGÊNCIA CATALOGADORA
Campo de controle BR-BrBNA
005 - DATA E HORA DA ÚLTIMA ATUALIZAÇÃO
Campo de controle 20250122164101.0
008 - CAMPO DE TAMANHO FIXO
fixed length control field 250122b2017 bl.mr|pooa||| 00| 0 eng |
040 ## - FONTE DA CATALOGAÇÃO
Agência catalogadora BR-BrBNA
Idioma da catalogação eng
072 ## - CATEGORIA AGRIS
Código AGRIS L74
Código do objeto 5400
072 ## - CATEGORIA AGRIS
Código AGRIS L70
100 ## - ENTRADA PRINCIPAL - NOME PESSOAL
Nome pessoal Camplesi, Annelise Carla
100 ## - ENTRADA PRINCIPAL - NOME PESSOAL
Nome pessoal Bellodi, Carolina
100 ## - ENTRADA PRINCIPAL - NOME PESSOAL
Nome pessoal Socha, José Javier Mesa
100 ## - ENTRADA PRINCIPAL - NOME PESSOAL
Nome pessoal Hatayde, Mário Roberto
100 ## - ENTRADA PRINCIPAL - NOME PESSOAL
Nome pessoal Sobreira, Márcia Ferreira da Rosa
100 ## - ENTRADA PRINCIPAL - NOME PESSOAL
Nome pessoal Araujo, Gustavo Henrique Marques
100 ## - ENTRADA PRINCIPAL - NOME PESSOAL
Nome pessoal Araujo, Carla Fredrichsen Moya
245 ## - TÍTULO PRINCIPAL
Título principal Dogs poisoned with Nerium oleander fresh leaves: clinical and electrocardiographic findings
500 ## - NOTA GERAL
Nota geral Publicação on-line; 23 ref.; 2 tables; Sumaries (En, Pt)
942 ## - ADDED ENTRY ELEMENTS (KOHA)
Koha item type Analítica
520 ## - NOTA DE RESUMO
Nota de conteúdo <br/><br/>ABSTRACT - Nerium oleander is distributed worldwide, mainly in tropical and subtropical regions. These shrubs are frequently used as ornamental plants. However, they contain more than 30 cardiac glycosides that can cause serious toxic effects in dogs. The objective of this study was to report the clinical and electrocardiographic alterations in dogs experimentally poisoned with N. oleander. Ten adult, healthy, mixed-breed dogs weighing 10- 25kg and aged 3-6 years were selected for the study. We orally administered 0.25g kg-1 of fresh ground leaves of N. oleander to the dogs. No dog died after the ingestion, but all exhibited signs of poisoning such as vomiting, sialorrhea, nausea, apathy, conjunctiva congestion, dehydration, abdominal pain, tremors, diarrhea, loss of appetite, and tenesmus. Electrocardiogram revealed occurrence of several types of arrhythmias: sinus bradycardia, second-degree atrioventricular block, paroxysmal ventricular tachycardia, and ventricular premature complexes. Systolic blood pressure, as well as heart rate, decreased in the first 24 hours. The present study concluded that a single dose of 0.25g kg-1 of N. oleander green leaves is sufficient to cause a moderate intoxication in dogs, with nonspecific clinical changes mainly related to the digestive system and heart rate, thus demonstrating the importance of this type of intoxication in the list of differential diagnoses of small animals routine.<br/><br/>Key words: blood pressure, arrhythmia, electrocardiography, cardiac glycosides, canine.
520 ## - NOTA DE RESUMO
Nota de conteúdo <br/><br/>RESUMO - O Nerium oleander é uma planta com ampla distribuição mundial, principalmente em regiões tropicais e subtropicais. Esses arbustos são frequentemente usados como plantas ornamentais e possuem mais de 30 glicosídeos cardíacos causadores do quadro clínico de intoxicação em caninos. Sabendo-se disso, este artigo teve por objetivo a avaliar as alterações clínicas e eletrocardiográficas, nos animais intoxicados experimentalmente com N. oleander. Foram utilizados 10 cães adultos, hígidos, sem raça definida, com 10 a 25kg de peso, de 3 a 6 anos de idade. Os animais receberam uma única dose de 0,25g kg-1 de peso, de folhas frescas de N. oleander. Nenhum dos animais do experimento veio a óbito. Os sinais clínicos observados foram vômito, sialorréia, náuseas, apatia, conjuntiva ocular congesta, desidratação, dor abdominal, tremores, diarreia, inapetência e tenesmo. Pela análise do eletrocardiograma encontraram-se arritmias como: bradicardia sinusal, bloqueios atrioventriculares de segundo grau, taquicardia ventricular paroxística e complexo ventricular prematuro. A pressão arterial sistólica diminui nas primeiras 24 horas, assim como a frequência cardíaca. Concluiu-se com o presente estudo que uma única dose de 0,25g kg-1 de folhas verdes de N. oleander é suficiente para causar um quadro moderado de intoxicação em cães, com alterações clínicas inespecíficas principalmente relacionadas ao sistema digestório e no ritmo cardíaco, mostrando a importância deste tipo de intoxicação na lista de diagnósticos diferenciais da rotina de pequenos animais.<br/><br/>Palavras-chave: pressão sanguínea, arritmia, eletrocardiografia, glicosídeos cardíacos, canino.
650 ## - ASSUNTO - THESAGRO
Cabeçalho tópico ou nome geográfico CÃO
650 ## - ASSUNTO - THESAGRO
Cabeçalho tópico ou nome geográfico PLANTA TÓXICA
650 ## - ASSUNTO - THESAGRO
Cabeçalho tópico ou nome geográfico ELETROCARDIOGRAMA
650 ## - ASSUNTO - THESAGRO
Cabeçalho tópico ou nome geográfico ARRITMIA
650 ## - ASSUNTO - THESAGRO
Cabeçalho tópico ou nome geográfico VETERINÁRIA
773 0# - ENTRADA ANALÍTICA
Host Biblionumber 2408
Registro do item 346532
Imprenta Santa Maria-RS Universidade Federal de Santa Maria - Centro de Ciências Rurais 1991
Outro identificador 2024-7203
Título Ciência Rural (Brazil)
ISSN 0103-8478 Versão online ISSN 1678-4596
Colação v. 47(6) p. 1-6; (2017)
Número de controle de registro BR2024004184
856 ## - ACESSO E ENDEREÇO ELETRÔNICO
Identificador uniforme de recurso - URI https://www.scielo.br/j/cr/a/RNqsbJDHqskpXfNsjNxDkXK/?format=pdf&lang=en

Nenhum exemplar disponível.

BINAGRI

Telefone: (61)3218-2567/2388/3357/2097 - binagri@agro.gov.br

Ministério da Agricultura e Pecuária , Esplanada dos Ministérios, Bloco D, Anexo B, Brasília/DF, CEP: 70.043-900